00395nam a2200145Ia 4500008004100000040001900041041001200060082002500072245002900097260003700126300003200163650001200195651002400207850001800231131103s9999 xx 000 0 und d aLoreto College aEnglish a994/PORbLCLIB/19688 aFifty famous Australians aMelbournebA Colorgravurec[19?] a464p.b ill.,platesc 21cm. aHistory aAustralia - History aLCLIB/994/POR